000 00252nam a2200097zu 4500
008 260113b1973 mx a|||b i||| 001 0 spa d
245 _aUN NUEVO TESORO DE LA JUVENTUD
260 _aMÉXICO:
_bJACKSON, W. M. INC
_c1973
300 _a352
942 _2ddc
_cCOMP
999 _c68456
_d68456